000 00635nam a2200241 i 4500
001 16053
003 ES-MaACL
005 20230906151232.0
007 t|
008 000620s1998 sp ||||0| spa j
020 _a84-406-8842-3
040 _aM-BN
_bspa
_cM-BN
080 _a821.134.2-31"19"
100 1 _aFajardo, José Manuel.
_948671
245 1 3 _aEl converso /
_cJosé Manuel Fajardo.
250 _a1ª ed.
260 _aBarcelona :
_bEdiciones B,
_c1998.
300 _a349 p. ;
_c24 cm.
490 1 _aFiccionario
830 0 _aFiccionario
_9180685
852 _aES-MaACL
_jL-23282
_bR.128503
999 _c16053
_d16053